La Segunda Guerra Mundial /

Guardado en:
Bibliografiske detaljer
Hovedforfatter: Dahms, Hellmuth Guenther (autor)
Format: Bog
Sprog:spansk
Udgivet: Barcelona, España : Bruguera, 1963, c1963
Fag:
Tags: Tilføj Tag
Ingen Tags, Vær først til at tagge denne postø!

MARC

LEADER 00000nam^a2200000^a^4500
001 000127386
005 20250521000000.0
009 20260310094758.958
037 |a Acervo ITESO - Biblioteca 
041 |a ESP 
082 |a 940. 53  |b DAM 
100 |a Dahms, Hellmuth Guenther  |e (autor) 
245 1 3 |a La Segunda Guerra Mundial /  |c H.G. Dahms ; tr. por Víctor Scholz. 
264 4 |a Barcelona, España :  |b Bruguera,  |c 1963, c1963 
300 |a 474 p. 
336 |a texto  |b txt  |2 rdacontenido 
337 |a sin mediación  |b n  |2 rdamedio 
338 |a volumen  |b nc  |2 rdasoporte 
500 |a Traducción de: Der Zweite Weltkrieg 
649 |a XX 
650 |a Guerra Mundial (Segunda), 1939-1945 -  |x Historia 
650 |a Europa -  |x Historia -  |y 1939-1945 
650 |a Europa -  |x Historia -  |y Siglo XX 
650 |a Historia Moderna -  |y Siglo XX 
650 |a Historia Universal 
910 |a Fondo Salvador Reynoso Reynoso 
920 |a Impresos - Libros 
930 |a Fondos Especiales 
905 |a 112 
901 |a 0800009154  |b IT2  |c ESP  |u 20250521 
902 |a https://opac.biblio.iteso.mx/vufind/Record/000127386